50 films à remplir - 2023 - Statistiques

Statistiques générales
  • Ce quiz a été pris 334 fois
  • Le résultat moyen est 28 sur 50
Statistiques - réponses
Hint Réponse % Correct
Super ... Bros. le film Mario
88%
Les ... de la Galaxie Vol. 3 Gardiens
86%
Les Trois Mousquetaires : D'... Artagnan
85%
Astérix et Obélix : L'Empire du ... Milieu
83%
... Jours max 3
82%
... Turtles: Teenage Years Ninja
82%
... d'une chute Anatomie
80%
Gran ... Turismo
78%
... (de Greta Gerwig, avec Margot Robbie) Barbie
77%
Le ... et le Héron Garçon
77%
La Petite ... Sirène
74%
Fiction à l'... Américaine
73%
Sans ... nous connaître Jamais
73%
Le Règne ... Animal
72%
... (avec Timothée Chalamet) Wonka
72%
Hunger Games : La ... du serpent et de l'oiseau chanteur Ballade
69%
Pauvres ... Créatures
69%
Spider-Man : ... the Spider-Verse Across
66%
Indiana Jones et le ... de la destinée Cadran
66%
... Nights at Freddy's Five
66%
Les ... au ski SEGPA
65%
La Zone d'... Intérêt
64%
... (l'histoire d'un jeu vidéo légendaire) Tetris
63%
Killers of the ... Moon Flower
59%
... (adapte la vie de J. Robert ...) Oppenheimer
59%
Scream ... VI
59%
Wish : ... et la Bonne Étoile Asha
56%
... et le Royaume perdu Aquaman
53%
Les Trois Mousquetaires : ... Milady
53%
Taylor Swift: The ... Tour Eras
51%
Creed ... III
50%
Ant-Man et la Guêpe : ... Quantumania
50%
... (de Damien Chazelle, avec Margot Robbie) Babylon
49%
John Wick : ... 4 Chapitre
45%
Donjons et Dragons : L'... des voleurs Honneur
45%
Perfect ... Days
41%
Mission Impossible : ... Reckoning Dead
39%
Transformers: Rise of the ... Beasts
34%
... City Asteroid
32%
Past ... Lives
32%
The ... Blue Eye Pale
32%
... 3 Equalizer
31%
...: The Red Door Insidious
30%
La ... Main
30%
Winnie-the-Pooh: ... and Honey Blood
27%
... of Freedom Sound
27%
Winter ... Break
23%
May ... December
20%
... Minus One Godzilla
18%
Full ... Red River
13%
Aucun quiz correspondant
Distribution des résultats
% des personnes avec chaque résultat
Percentile par nombre de réponses
Votre historique - résultats
Vous n’avez pas pris ce quiz